000 00471nam a2200169 i 4500
001 98184
003 ES-MaACL
005 20240421063022.0
007 t|
008 050726s1962 sp ||||1| spa d
100 1 _aMarrodán, Mario Ángel,
_d1932-2005
_977080
245 1 0 _aMar y sol /
_cMario Angel Marrodán.
260 _aBilbao :
_bCastilla,
_c1962.
300 _a17 p. ;
_c23 cm.
852 _aES-MaACL
_j2029-F-11
_bR.51006
999 _c98184
_d98184